Normal view
MARC view
- Gray, Paul N .
Entry Personal Name
001 - CONTROL NUMBER
- control field: 1574
003 - CONTROL NUMBER IDENTIFIER
- control field: OSt
005 - DATE AND TIME OF LATEST TRANSACTION
- control field: 20160930100709.0
008 - FIXED-LENGTH DATA ELEMENTS
- fixed length control field: 160930|| aca||aabn | a|a d
040 ## - CATALOGING SOURCE
- Original cataloging agency: OSt
- Transcribing agency: OSt
100 ## - HEADING--PERSONAL NAME
- Personal name: Gray, Paul N .
670 ## - SOURCE DATA FOUND
- Source citation: Work cat.: (OSt)6820: Gray, Paul N ., Pump Application Desk Book / , 1990.
